00830cam a22002171 450000100100000000500170001000800410002704000230006805000220009108200100011310000420012324500690016525000270023426000330026130000290029444000810032365000360040491000340044095201230047499900150059700000122420200929145519.0780504s1968 gw a 000 0 ger  aDO-SdBNPcDLCdDLC00aPF3117b.B57 1968 bB652b1 aBlohm, Kurt,cschool principal.9417010aBegegnung mit Deutschland. /c[Von] Kurt Blohm [und] Wulf Kopke. a(2., veranderte Aufl.) aMunchen, :bHueber,c(1968). a159 p., :bil. ;c21 cm. 0aDeutsche Reihe fur Auslander. Reihe A: Lesestoffe zum Sprachunterricht94171 0aGerman languagexReaders.94172 aCatalogación por copia / LC 001052758DSaBNPHUbBNPHUcHDd2009-09-22iLF1l0o B652bp1224-10r2020-06-25w2020-06-25yLF1ZPréstamo interno c1172d1172